Museos y monumentos de Roma

Gorde:
Xehetasun bibliografikoak
Erakunde egilea: Ente Provinciale Per Il Turismo (Egilea)
Formatua: Liburua
Hizkuntza:gaztelania
Argitaratua: Roma EPT 1956
Gaiak:
Etiketak: Etiketa erantsi
Etiketarik gabe, Izan zaitez lehena erregistro honi etiketa jartzen!

MARC

LEADER 00000nam a2200000 a 4500
001 UCP9085
003 CL-VaPUC
008 000317e19560000IT |||||||||||||||||spa|d
082 0 4 |a 708.5632  |b ENT  |2 21 
110 2 |a Ente Provinciale Per Il Turismo  |e author  |9 439430 
245 1 0 |a Museos y monumentos de Roma 
300 |a 870 p 
942 |c BK 
945 |d 20000317 00:00:00  |a rherrera 
260 |a Roma  |b EPT  |c 1956 
650 0 |a Museos  |9 269209 
650 0 |a Monumentos históricos  |9 308710 
650 7 |a ROMA  |2 CL-VaPUC  |9 317375 
650 7 |a GUIA  |2 CL-VaPUC  |9 328177 
583 |a last modification  |c 20000317 00:00:00  |k Rodrigo Vera 
999 |c 285936  |d 285934 
952 |0 0  |1 0  |4 0  |6 708_563200000000000_ENT_1956  |7 0  |8 A  |9 330802  |a BIBHIS  |b BIBHIS  |d 2019-11-20  |i 1395726  |o 708.5632 ENT 1956  |p 1395726  |r 2025-01-20  |w 2019-11-20  |y BK  |k HIS